<?xml version="1.0" encoding="UTF-8"?>
<record
    xmlns:xsi="http://www.w3.org/2001/XMLSchema-instance"
    xsi:schemaLocation="http://www.loc.gov/MARC21/slim http://www.loc.gov/standards/marcxml/schema/MARC21slim.xsd"
    xmlns="http://www.loc.gov/MARC21/slim">

  <leader>01480nam a2200361 a 4500</leader>
  <controlfield tag="001">000011554</controlfield>
  <controlfield tag="005">20200929162505.0</controlfield>
  <controlfield tag="008">091020s1973    ag ac   r     000 0bspa  </controlfield>
  <datafield tag="040" ind1=" " ind2=" ">
    <subfield code="a">DO-SdBNP</subfield>
    <subfield code="b">spa</subfield>
    <subfield code="c">BNPHU</subfield>
  </datafield>
  <datafield tag="041" ind1="1" ind2="7">
    <subfield code="a">spa</subfield>
    <subfield code="h">pol</subfield>
    <subfield code="2">C&#xF3;digo de idioma MARC</subfield>
  </datafield>
  <datafield tag="082" ind1=" " ind2=" ">
    <subfield code="a">925.25</subfield>
    <subfield code="b">B588N</subfield>
  </datafield>
  <datafield tag="100" ind1="1" ind2=" ">
    <subfield code="a">Bienkowska, B&#xE1;rbara,</subfield>
    <subfield code="9">27351</subfield>
  </datafield>
  <datafield tag="240" ind1="1" ind2="0">
    <subfield code="a">Mikolaj Kopernik. W piecsetlecie urodzin, 1473-1973,</subfield>
    <subfield code="l">spa</subfield>
  </datafield>
  <datafield tag="245" ind1="1" ind2="0">
    <subfield code="a">Nicol&#xE1;s Cop&#xE9;rnico :</subfield>
    <subfield code="b">en el quinto centenario de su nacimiento, 1473-1973 /</subfield>
    <subfield code="c">Stanislaw Herbst ...[et. al.] ; traductor, Estanislao J. Zembrzuski ; pr&#xF3;logo, Jos&#xE9; Babini.</subfield>
  </datafield>
  <datafield tag="260" ind1=" " ind2=" ">
    <subfield code="a">Buenos Aires, Argentina :</subfield>
    <subfield code="b">Siglo Ventiuno,</subfield>
    <subfield code="c">1973.</subfield>
  </datafield>
  <datafield tag="300" ind1=" " ind2=" ">
    <subfield code="a">189 p. :</subfield>
    <subfield code="b">il. ;</subfield>
    <subfield code="c">23 cm.</subfield>
  </datafield>
  <datafield tag="500" ind1=" " ind2=" ">
    <subfield code="a">Incluye notas al pie de las p&#xE1;ginas.</subfield>
  </datafield>
  <datafield tag="534" ind1=" " ind2=" ">
    <subfield code="p">T&#xED;tulo original en polaco:</subfield>
    <subfield code="t">Mikolaj Kopernik. W piecsetlecie urodzin, 1473-1973.</subfield>
  </datafield>
  <datafield tag="600" ind1="1" ind2="4">
    <subfield code="a">COP&#xC9;RNICO, NICOL&#xC1;S,</subfield>
    <subfield code="d">1473-1543</subfield>
    <subfield code="x">BIOAGRAF&#xCD;AS</subfield>
    <subfield code="9">27352</subfield>
  </datafield>
  <datafield tag="650" ind1=" " ind2="4">
    <subfield code="a">Astr&#xF3;nomos</subfield>
    <subfield code="9">27353</subfield>
  </datafield>
  <datafield tag="650" ind1=" " ind2="4">
    <subfield code="a">Cient&#xED;ficos de la medicina</subfield>
    <subfield code="9">27354</subfield>
  </datafield>
  <datafield tag="650" ind1=" " ind2="4">
    <subfield code="a">Fil&#xF3;sofos polaco</subfield>
    <subfield code="x">Bioagraf&#xED;as</subfield>
    <subfield code="9">27355</subfield>
  </datafield>
  <datafield tag="700" ind1="1" ind2=" ">
    <subfield code="a">Herbst, Stanislaw</subfield>
    <subfield code="9">27356</subfield>
  </datafield>
  <datafield tag="700" ind1="1" ind2=" ">
    <subfield code="a">Dobrzycky, Jerzy</subfield>
    <subfield code="9">27357</subfield>
  </datafield>
  <datafield tag="700" ind1="1" ind2=" ">
    <subfield code="a">Birkenmajer, Aleksander</subfield>
    <subfield code="9">27358</subfield>
  </datafield>
  <datafield tag="700" ind1="1" ind2=" ">
    <subfield code="a">Zonn, Wlodzimierz</subfield>
    <subfield code="9">27359</subfield>
  </datafield>
  <datafield tag="700" ind1="1" ind2=" ">
    <subfield code="a">Infeld, Leopold</subfield>
    <subfield code="9">27360</subfield>
  </datafield>
  <datafield tag="700" ind1="1" ind2=" ">
    <subfield code="a">Voise, Waldemar</subfield>
    <subfield code="9">27361</subfield>
  </datafield>
  <datafield tag="700" ind1="1" ind2=" ">
    <subfield code="a">Suchodolski, Bogdan</subfield>
    <subfield code="9">27362</subfield>
  </datafield>
  <datafield tag="700" ind1="1" ind2=" ">
    <subfield code="a">Lipinski, Edward</subfield>
    <subfield code="9">27363</subfield>
  </datafield>
  <datafield tag="700" ind1="1" ind2=" ">
    <subfield code="a">Bienkowska, Barbara</subfield>
    <subfield code="9">27364</subfield>
  </datafield>
  <datafield tag="700" ind1="1" ind2=" ">
    <subfield code="a">Zembzuski, Estanislao J.</subfield>
    <subfield code="e">Pr&#xF3;l.</subfield>
    <subfield code="9">27365</subfield>
  </datafield>
  <datafield tag="952" ind1=" " ind2=" ">
    <subfield code="0">0</subfield>
    <subfield code="1">0</subfield>
    <subfield code="5">2</subfield>
    <subfield code="7">0</subfield>
    <subfield code="8">MO</subfield>
    <subfield code="a">GR</subfield>
    <subfield code="b">GR</subfield>
    <subfield code="c">CT</subfield>
    <subfield code="d">2009-10-20</subfield>
    <subfield code="i">LF1</subfield>
    <subfield code="l">0</subfield>
    <subfield code="o">925.25 B588N</subfield>
    <subfield code="p">11554-10</subfield>
    <subfield code="r">2020-06-25</subfield>
    <subfield code="w">2020-06-25</subfield>
    <subfield code="y">2</subfield>
    <subfield code="Z">Pr&#xE9;stamo interno</subfield>
  </datafield>
  <datafield tag="999" ind1=" " ind2=" ">
    <subfield code="c">11249</subfield>
    <subfield code="d">11249</subfield>
  </datafield>
</record>
